| 000 | 00508nam a2200205Ia 4500 | ||
|---|---|---|---|
| 003 | OSt | ||
| 005 | 20230424154959.0 | ||
| 008 | 210423s2012 xx 000 0 und d | ||
| 020 | _a9789380026992 | ||
| 040 | _cAL | ||
| 041 | _aeng | ||
| 082 |
_a512.5 _223 _bRAOG |
||
| 100 |
_aRAO (G Shanker). _992183 |
||
| 245 | _aLinear algebra. | ||
| 260 |
_aNew Delhi _bI K International Publishing House _c2012 |
||
| 300 |
_axii,263 _bPB |
||
| 365 |
_b215 _cINR |
||
| 906 | _aalgebra. ; Linear | ||
| 942 |
_2ddc _cBK |
||
| 999 |
_c160935 _d160935 |
||